Statistics for Top 20 best football clubs of 1970s

Click here to take the quiz!

General Stats

  • This quiz has been taken 31 times
  • The average score is 15 of 20

Answer Stats

PositionHintAnswer% Correct
23 Champions League, 3 Bundesliga titlesBayern Munich
100%
32 Champions League, 4 Premier League titlesLiverpool
100%
13 Champions League, 5 Eredivisie titlesAjax
96%
122 Cup Winners Cup, 2 Belgian First Division titlesAnderlecht
93%
8UEFA Cup 1977, 5 Serie A titlesJuventus
93%
9Champions League 1979, Premier League 1978Nottingham Forest
89%
17Cup Winners Cup 1973, Serie A 1979AC Milan
86%
19UEFA Cup 1978, 3 Eredivisie titlesPSV
86%
11Intercontinental Cup 1975, 3 La Liga titlesAtletico Madrid
82%
102 Copa Libertadores, 3 Argentine Primera División titlesBoca Juniors
82%
18Champions League 1978 final, 4 Belgian First Division titlesClub Brugge
82%
15Cup Winners Cup 1979, La Liga 1974Barcelona
79%
42 UEFA Cup, 5 Bundesliga titlesBorussia Mönchengladbach
75%
7Cup Winners Cup 1975, 4 Soviet Top League titlesDynamo Kyiv
75%
13Champions League 1976 final, 4 Ligue 1 titlesSaint-Étienne
71%
16Champions League 1975 final, Premier League 1974Leeds United
61%
54 Copa Libertadores, 4 Argentine Primera División titlesIndependiente
57%
6Champions League 1970, UEFA Cup 1974Feyenoord
50%
14Cup Winners Cup 1977, Bundesliga 1979Hamburger
29%
202 Premier League titlesDerby County
21%

Score Distribution

Percentile by Number Answered

Percent of People with Each Score

Your Score History

You have not taken this quiz